000 00716nam a2200253Ia 4500
003 OSt
005 20220918185101.0
006 a|||||r|||| 00| 0
007 ta
008 220917b |||||||| |||| 00| 0 eng d
024 _a49,509
037 _cTextual
040 _aARTS
_cARTS
_beng
041 _2eng
_aeng
082 _aP:4:(Y), L9
100 _amathiot Madeleine ed
_967722
245 0 _aEthnolinguistics
_b boas, sapir and whorf revisited
260 _aHague
_bMouton
_c1979
300 _ax,323p. illus
_ccm.
490 _aContributions to the sociology of language; 27
650 _aLINGUISTICS
942 _hP:4:(Y), L9
_cTEXL
_2CC
999 _c179131
_d179131